|
|
|
|
| LEADER |
00000naa2a2200000 4500 |
| 001 |
431442 |
| 005 |
20231101075402.0 |
| 035 |
|
|
|a (RuTPU)RU\TPU\prd\91568
|
| 035 |
|
|
|a RU\TPU\prd\17524
|
| 090 |
|
|
|a 431442
|
| 100 |
|
|
|a 20101130a2003 k y0rusy50 ca
|
| 101 |
0 |
|
|a rus
|
| 102 |
|
|
|a RU
|
| 200 |
1 |
|
|a Изменение фазы плоской волны при прохождении через полимерную пленку с наноразмерными нематическими каплями жидкого кристалла
|f В. А. Лойко, А. В. Конколович
|
| 225 |
1 |
|
|a Жидкости
|
| 320 |
|
|
|a Библиогр.: 27 назв.
|
| 461 |
|
1 |
|0 (RuTPU)RU\TPU\prd\1443
|x 0044-4510
|t Журнал экспериментальной и теоретической физики
|l ЖЭТФ
|f Российская академия наук (РАН) ; Отделение физических наук РАН
|d 1931-
|
| 463 |
|
1 |
|0 (RuTPU)RU\TPU\prd\91560
|t Т. 123, вып. 3
|v с. 552-559
|d 2003
|
| 610 |
1 |
|
|a полимерные пленки
|
| 610 |
1 |
|
|a плоские волны
|
| 610 |
1 |
|
|a жидкие кристаллы
|
| 610 |
1 |
|
|a интегральное уравнение Фолди-Тверского
|
| 610 |
1 |
|
|a векторный случай
|
| 610 |
1 |
|
|a жидкокристаллические пленки
|
| 610 |
1 |
|
|a капсулированные полимеры
|
| 610 |
1 |
|
|a когерентное пропускание
|
| 700 |
|
1 |
|a Лойко
|b В. А.
|
| 701 |
|
1 |
|a Конколович
|b А. В.
|
| 801 |
|
1 |
|a RU
|b 63413507
|c 20030919
|g PSBO
|
| 801 |
|
2 |
|a RU
|b 63413507
|c 20101130
|g RCR
|
| 942 |
|
|
|c BK
|